[Kreplin, Klaus-Dieter: Mahlen und Sägen - Mahlmühlen, Müller und Sägemühlen im ehemaligen Kreis Bütow in Pommern]

Titel: [Kreplin, Klaus-Dieter: Mahlen und Sägen - Mahlmühlen, Müller und Sägemühlen im ehemaligen Kreis Bütow in Pommern] / Haik Thomas Porada
Verfasser:
In: Baltische Studien, Band 103 (2017), Seite 196-197
alle Artikel anzeigen
Veröffentlicht: 2017
Format: Aufsatz
Sprache: Deutsch
Schlagworte:
Kein Bild verfügbar
X
alg: 42867513
001A    $03025:23-04-18 
001B    $01999:27-07-21 $t17:20:27.000 
001C    $03025:23-04-18 $t11:07:43.000 
001D    $03025:23-04-18 
001U    $0utf8 
001X    $00 
002@    $0Aou 
002C    $aText $btxt $2rdacontent 
002D    $aohne Hilfsmittel zu benutzen $bn $2rdamedia 
002E    $aBand $bnc $2rdacarrier 
003@    $0428675131 
007A    $0428675131 $aHEB 
010@    $ager 
010E    $erda 
011@    $a2017 
013D    $#Newspapers Sections, columns, etc. Reviews $#Book reviewing $#Journaux Cahiers, chroniques, etc. Comptes rendus $#Livres Recension $#Rezension $#Buchbesprechung $#Buchrezension $#Buchkritik $74049712-4 $8Rezension [Ts1] $9085138568 
021A    $a[Kreplin, Klaus-Dieter: Mahlen und Sägen - Mahlmühlen, Müller und Sägemühlen im ehemaligen Kreis Bütow in Pommern] $hHaik Thomas Porada 
028A    $BVerfasser $#Porada, Haik Th. $#Porada, Haik $4aut $7115157832 $8Porada, Haik Thomas$Z1972- [Tp3] $914941028X 
031A    $d103 $h196-197 $j2017 
039B    $aEnthalten in $8--Abvc--. Baltische Studien. - Kiel : Ludwig, 1832-. - ISSN 0067-3099 $x201700001030000804 $9047264489 
039T    $aRezension von $8--Aau--. Mahlen und Sägen. - Herdecke [u.a.], 2015. - 128 S. : zahlr. Ill., Kt.. - ISBN 978-3-938773-09-3 $9366175564 
039T    $aRezension von $8--Aau--Kreplin, Klaus-Dieter [Tp3]. Jedzenie, picie, spanie. - Wydanie 1. - Pruszcz Gdański : Wydawnictwo Jasne, 2016. - 259 Seiten. - Illustrationen. - ISBN 978-3-938773-10-9 $9385661312 
039T    $aRezension von $8--Aau--. Hegen und Jagen. - Herdecke, 2017. - 288 Seiten. - Illustrationen. - ISBN 978-3-938773-11-6 $9416451888 
045F    $a900.943816 $eDDC23BSB 
045F/01 $a900 
045F/03 $g43816 
045T    $aAVL $qDE-30 $2FID 

lok: 42867513 78

exp: 42867513 78 1 #EPN
201B/01 $023-04-18 $t11:07:43.000 
201C/01 $023-04-18 
201U/01 $0utf8 
203@/01 $01021366277 
208@/01 $a23-04-18 $be 
209A/01 $a/ $f000 $x00 
209A/01 $ab*p $x01 
220C/01 $awma 
244Z/01 $#Pommern $#Pommern $#Herzogtum Pommern $#Herzogthum Pommern $#Provinz Pommern $#Pomorze $74046744-2 $8--Tg1--Pommern $x06 $9085130354 
247C/01 $82080>Marburg/Lahn, Herder-Institut, Forschungsbibliothek, Bibliographieportal $9336309341
LEADER 00000caa a2200000 c 4500
001 428675131
003 DE-603
005 20210727172027.0
007 tu
008 180423s2017 xx |||| | u00||u|ger c
035 |a (DE-599)HEB428675131 
040 |a DE-603  |b ger  |c DE-603  |d DE-603  |e rda 
041 |a ger 
082 0 4 |8 1\u  |a 900.943816  |q DE-101  |2 23/BSB 
084 |a AVL  |q DE-30  |2 fid 
085 |8 1\u  |b 900 
085 |8 1\u  |z 2  |s 43816 
100 1 |a Porada, Haik Thomas  |d 1972-  |e Verfasser  |4 aut  |0 (DE-603)14941028X  |0 (DE-588)115157832  |2 gnd 
245 0 0 |a [Kreplin, Klaus-Dieter: Mahlen und Sägen - Mahlmühlen, Müller und Sägemühlen im ehemaligen Kreis Bütow in Pommern]  |c Haik Thomas Porada 
264 0 |c 2017 
336 |a Text  |b txt  |2 rdacontent 
337 |a ohne Hilfsmittel zu benutzen  |b n  |2 rdamedia 
338 |a Band  |b nc  |2 rdacarrier 
655 7 |a Rezension  |2 gnd-content  |0 (DE-588)4049712-4  |0 (DE-603)085138568 
773 0 8 |i Enthalten in  |t Baltische Studien  |d Kiel : Ludwig, 1832-  |h 24 cm  |x 0067-3099  |g Band 103 (2017), Seite 196-197  |w (DE-603)047264489  |w (DE-600)202273-4 
787 0 8 |i Rezension von  |t Mahlen und Sägen  |d Herdecke [u.a.], 2015  |h 128 S. : zahlr. Ill., Kt.  |z 9783938773093  |w (DE-603)366175564 
787 0 8 |i Rezension von  |a Kreplin, Klaus-Dieter  |t Jedzenie, picie, spanie  |b Wydanie 1  |d Pruszcz Gdański : Wydawnictwo Jasne, 2016  |h 259 Seiten, Illustrationen  |z 9783938773109  |z 9788361508915  |w (DE-603)385661312 
787 0 8 |i Rezension von  |t Hegen und Jagen  |d Herdecke, 2017  |h 288 Seiten, Illustrationen  |z 9783938773116  |w (DE-603)416451888 
924 0 |9 2080  |a (DE-603)1021366277  |b DE-2080  |c HES  |d d  |g /